chinese soft power code; book of 8x8x8 wisdom (Record no. 327504)

000 -LEADER
fixed length control field 00313 a2200121 4500
001 - CONTROL NUMBER
control field 92431
082 ## - DEWEY DECIMAL CLASSIFICATION NUMBER
Classification number 303.48251 JAV
090 ## - LOCALLY ASSIGNED LC-TYPE CALL NUMBER (OCLC); LOCAL CALL NUMBER (RLIN)
-- 44404
-- 44405
100 ## - MAIN ENTRY--PERSONAL NAME
Personal name Javed HAssan Syed
245 ## - TITLE STATEMENT
Title chinese soft power code; book of 8x8x8 wisdom
260 ## - PUBLICATION, DISTRIBUTION, ETC.
Place of publication, distribution, etc. Lahore
Name of publisher, distributor, etc. Paramount Books
Date of publication, distribution, etc. 2014
300 ## - PHYSICAL DESCRIPTION
Extent xxv, 234 p.
942 ## - ADDED ENTRY ELEMENTS (KOHA)
Institution code [OBSOLETE] CAE NUST
Call number prefix 303.48251 JAV
Holdings
Withdrawn status Lost status Damaged status Not for loan Collection code Permanent Location Current Location Date acquired Total Checkouts Full call number Barcode Date last seen Price effective from Koha item type
          College of Aeronautical Engineering (CAE) College of Aeronautical Engineering (CAE) 04/03/2017   303.48251 JAV CAE88654 04/05/2017 04/05/2017 Book
© 2023 Central Library, National University of Sciences and Technology. All Rights Reserved.